| 000 | 00323cam a22001217a 4500 | ||
|---|---|---|---|
| 008 | 180718b1970 xxu||||| |||| 00| 0 eng d | ||
| 082 | _aQ813x54 P17 | ||
| 100 | _aPakrasi, K.B. | ||
| 245 |
_aFemale infanticide in India _cby K.B. Pakrasi |
||
| 260 |
_aCalcutta _bS. Ghatack _c1970 |
||
| 300 | _a304p. | ||
| 650 | _aCrime - India | ||
| 999 |
_c351248 _d351248 |
||